Sự tiếp xúc văn hóa VN với Pháp /
Spremljeno u:
| Glavni autor: | |
|---|---|
| Format: | Knjiga |
| Jezik: | Vietnamese |
| Izdano: |
TT-Viện VH,
2006.
|
| Teme: | |
| Oznake: |
Dodaj oznaku
Bez oznaka, Budi prvi tko označuje ovaj zapis!
|
| Thư viện lưu trữ: | Mạng thư viện Đại học Đà Nẵng |
|---|
| LEADER | 00801cam a22002891a 4500 | ||
|---|---|---|---|
| 001 | 000033163 | ||
| 003 | 9302 | ||
| 005 | 20220520144553.0 | ||
| 008 | 151016s2006 000 vie | ||
| 041 | |a vie | ||
| 082 | |a 495.9230 |b PH-N | ||
| 100 | |a Phan Ngọc | ||
| 245 | 0 | |a Sự tiếp xúc văn hóa VN với Pháp / |c Phan Ngọc. | |
| 260 | |a TT-Viện VH, |c 2006. | ||
| 300 | |a 208tr. : mh ; 20cm. | ||
| 650 | |a văn hóa, VN với Pháp, VN, Phan Ngọc, 2006, xã hội | ||
| 852 | |b Chuyên đề |c Ngôn ngữ tiếng Việt 1 | ||
| OWN | |a LNN | ||
| 999 | |a From the UDN01 | ||
| TYP | |a Monograph | ||
| 980 | |a Mạng thư viện Đại học Đà Nẵng | ||